[Event "PCA/Intel-GP"]
[Site "New York"]
[Date "1994.??.??"]
[Round "1"]
[White "Vaisser, Anatoli"]
[Black "Kortschnoj, Viktor Lvovich"]
[Result "0-1"]
[WhiteElo "2575"]
[BlackElo "2615"]
[PlyCount "60"]
[EventDate "1994.06.??"]
[EventType "k.o. (rapid)"]
[EventRounds "4"]
[EventCountry "USA"]
[SourceTitle "CBM 041 Extra"]
[Source "ChessBase"]
[SourceDate "1994.09.01"]
[SourceVersion "1"]
[SourceVersionDate "1994.09.01"]
[SourceQuality "1"]

1. d4 Nf6 2. c4 e6 3. Nc3 Bb4 4. e3 O-O 5. Bd3 d5 6. Nf3 c5 7. O-O cxd4 8. exd4
dxc4 9. Bxc4 Nbd7 10. Bg5 Qa5 11. Qe2 Bxc3 12. bxc3 b6 13. Ne5 Bb7 14. Nxd7
Nxd7 15. Bd2 Qf5 16. Bd3 Qd5 17. f3 Nf6 18. Be3 e5 19. c4 Qd6 20. c5 bxc5 21.
dxc5 Qc7 22. Rac1 Bc6 23. f4 Rfe8 24. fxe5 Qxe5 25. Rce1 Rad8 26. Bb5 Bxb5 27.
Qxb5 Ng4 28. Bf4 Qd4+ 29. Kh1 Rxe1 30. Rxe1 Nf2+ 0-1

[Event "Dortmund"]
[Site "Dortmund"]
[Date "1994.??.??"]
[Round "3"]
[White "Leko, Peter"]
[Black "Kortschnoj, Viktor Lvovich"]
[Result "0-1"]
[WhiteElo "2545"]
[BlackElo "2615"]
[Annotator "Schlosser,P"]
[PlyCount "90"]
[EventDate "1994.07.??"]
[EventType "tourn"]
[EventRounds "9"]
[EventCountry "GER"]
[EventCategory "16"]
[SourceTitle "CBM 042"]
[Source "ChessBase"]
[SourceDate "1994.10.01"]
[SourceVersion "1"]
[SourceVersionDate "1994.10.01"]
[SourceQuality "1"]

1. e4 {Kortschnoj} c5 2. Nf3 d6 3. d4 cxd4 4. Nxd4 Nf6 5. Nc3 Nc6 6. Bg5 e6 7.
Qd2 a6 8. O-O-O h6 9. Be3 Bd7 (9... Ng4 $6 {Obwohl dieser Ausfall keinen
vertrauenserweckenden Eindruck macht, hat Weiß dagegen seine Hausaufgaben noch
zu erledigen:} 10. Nxc6 bxc6 11. Bc5 d5 12. Bxf8 Kxf8 13. f3 Nf6 14. Na4 Qd6
15. Nb6 (15. c4 Rb8 16. Kb1 Ke7 17. Qe3 Qb4 $13 {Belotti,B-Borgo,G/Reggio
Emilia/1992/0-1 (56)}) 15... Rb8 16. Nxc8 Rxc8 17. Bxa6 Ra8 18. Bc4 Ke7 19.
Rhe1 (19. Bb3 Rhb8 $44 {Almasi,Z-Borgo,G/Mitropa Cup/1993/0-1 (34)}) 19... Qc5
20. Bb3 Rhb8 $44 {Santo Roman,M-Berthelot,Y/French Tch/1994/0-1 (35)}) 10. f3
b5 (10... Be7 11. Kb1 Qc7 12. g4 Ne5 13. h4 b5 14. Bd3 Qb7 15. g5 hxg5 16. hxg5
Nh5 17. f4 Nxd3 18. cxd3 $16 {Arakhamia,K-Hort,V/Monaco Veterans-Women (05)/
1994/}) 11. Nxc6 (11. g4 Ne5 (11... Qa5 12. Kb1 b4 13. Nce2 d5 14. Nxc6 Bxc6
15. Nd4 Bb7 16. e5 Nd7 17. f4 $14 {Shetty,R-Murugan,K/IND-ch (07)/0-1 (36)})
12. Bd3 (12. g5 $6 hxg5 13. Bxg5 Qc7 14. Kb1 b4 15. Nce2 Nc4 16. Qe1 Rc8 17.
Nc1 a5 $36 {Van Riemssijk,H-Lobron,E/Manila izt/1990/0,5 (59)}) 12... Qc7 13.
Kb1 b4 14. Nce2 d5 15. exd5 (15. Bf4 {Anand,V-Kramnik,V/Amsterdam/1993/}) 15...
Nxd5 16. Nf4 Nxf4 17. Bxf4 Bd6 18. Be4 Nc4 19. Qe2 $13 {0,5/Oll,L-Lerner,K/
Podolsk/1993/}) (11. Kb1 Ne5 (11... Qc7 $2 12. Bxb5 $16 {Wenn der Zentralbauer
e4 durch f3 gestützt wird, ist der Tausch Q+B - Q+3P besonders effektiv.}) 12.
Bd3 (12. a3 {Belotti,B-Garbett,P/Novi Sad ol/1990/1-0 (33)} Qb8 $5 13. f4 (13.
g4 $140 b4 14. axb4 Qxb4 $132) 13... Nc4 14. Bxc4 bxc4 $13 {/\ 14...d5 xa3, 14.
..Qb7 xb2, e4}) (12. g4 b4 13. Nce2 Nc4 14. Qc1 d5 (14... e5 $5) 15. Ng3 Nxe3 (
15... Qc7) 16. Qxe3 dxe4 17. Nxe4 Nd5 18. Qe1 Qb6 19. Bc4 O-O-O 20. Bxd5 $16 {
Malisauskas,V-Greenfeld,A/Oslo Royal GM/1992/1-0 (38)}) 12... Qc7 (12... b4 13.
Nce2 d5 {Anand,V}) 13. g4 b4 14. Nce2 d5 15. Bf4 $13 {Anand,V-Kramnik,V/
Amsterdam/1993/0,5 (27)}) (11. Bd3 Ne5 (11... Qc7 $2 12. Bxb5 axb5 13. Ndxb5
Qb8 14. Nxd6+ Bxd6 15. Qxd6 Qxd6 16. Rxd6 Na5 17. b3 $16 {Ivanchuk,V-Hellers,F/
Tilburg 20'/1993/1-0 (52) vgl. 11.Kb1 Qc7? 12.Bb5!}) 12. f4 $6 Nxd3+ 13. cxd3
Be7 14. Kb1 O-O $13 {Liss,E-Gruenfeld,Y/Biel op/1993/0-1 (38)}) 11... Bxc6 12.
Qf2 (12. Kb1 Qc7 13. Bd3 Be7 14. Qf2 Nd7 (14... O-O $6 15. g4 (15. h4 {! +/-
Dolmatov,S}) 15... b4 16. Ne2 d5 17. e5 Nd7 18. f4 d4 19. Bxd4 Bxh1 20. Rxh1
$44 {Dolmatov,S-Greenfeld,A/Pardubice/1993/}) 15. h4 Ne5 16. Bb6 Qb7 17. Bd4
Bf6 18. g4 O-O-O 19. a3 $14 {Dolmatov,S-Tukmakov,V/Groningen (2) PCA/1993/}) (
12. Ne2 Bb7 13. g4 d5 $6 14. e5 Nd7 15. Bd4 Qg5 16. Nf4 $1 $36 {Bologan,
V-Galliamova,A/Oakham (2)/1992/1-0 (23)}) 12... Qc7 13. Kb1 (13. Bd3 Be7 14.
Qg3 g6 15. Kb1 O-O-O 16. Qf2 $14 {Smyslov,V-Botvinnik,M/Moscow (wm/4)/1957/0-1
(41)}) 13... Be7 14. g4 $2 (14. Bd3 {- 12.Kb1}) (14. Bd3 {Kortschnoj}) 14... b4
(14... d5 {Kortschnoj} 15. exd5 Nxd5 16. Nxd5 Bxd5 17. Bd4 $14) 15. Ne2 d5 16.
Bb6 (16. exd5 Nxd5 $15) (16. e5 Nd7 $17 {xe5}) 16... Qb7 (16... Qb8 $2 {
Kortschnoj} 17. Bc5 $16) 17. e5 Nxg4 $1 {Ein ebenso ungewöhnliches wie starkes
Scheinopfer} (17... Nd7 18. Bd4 $14) 18. Qd4 $8 (18. fxg4 d4 19. Bxd4 (19. Rg1
Qxb6 20. Nxd4 $2 Bc5 $19 {/^ a7-g1, xd4}) 19... Bxh1 $17) 18... Nxe5 19. Qxe5
Qxb6 $17 {[+], ^^} 20. Qxg7 Rf8 21. Nd4 Bd7 $6 (21... Bb7 22. Qxh6 O-O-O 23. f4
Qc7 {/\ 24...Bd6 xf4}) 22. Qxh6 O-O-O 23. f4 $15 {x Bd7} Rg8 24. Nf3 $1 Rg6 25.
Qh5 Rf6 26. Qh4 Kb7 (26... Qe3 {Kortschnoj} 27. Bxa6+ Kc7 $13) 27. Ne5 Qe3 28.
Bd3 Qxf4 29. Qh5 Rf5 $5 (29... Be8 30. Rhf1 $44 {xa6, f7}) 30. Bxf5 Qxe5 31.
Rhe1 Qd6 32. Be4 (32. Bd3 $16 {Kortschnoj}) 32... f5 33. Bxd5+ $2 (33. Bg2 $132
Rg8 $140 $2 34. Bxd5+ exd5 35. Qf7 Re8 36. Rxd5 Qc6 37. Rdd1 $18) (33. Bd3 $14
{Kortschnoj}) 33... exd5 34. Qf7 Bh4 35. Rxd5 Qc7 36. Red1 (36. Rg1 $15 {
Kortschnoj}) 36... Bc6 37. Qxf5 (37. Qxc7+ Kxc7 38. Rxd8 Bxd8 39. Rd4 a5 40. h4
Bf6 41. Rf4 Be4 42. h5 Kd6 $19) 37... Bxd5 38. Rxd5 Qc6 $1 $19 39. c4 (39. Rxd8
$2 Qh1+ 40. Rd1 Qxd1#) 39... Qxc4 40. Qf7+ Qc7 41. Qf3 Qc6 42. Qf7+ Kb6 43.
Rxd8 Qe4+ 44. Kc1 Bxd8 45. Qf2+ Kc6 0-1

[Event "Dortmund"]
[Site "Dortmund"]
[Date "1994.??.??"]
[Round "8"]
[White "Timman, Jan H"]
[Black "Kortschnoj, Viktor Lvovich"]
[Result "0-1"]
[WhiteElo "2620"]
[BlackElo "2615"]
[Annotator "Ftacnik,L"]
[PlyCount "92"]
[EventDate "1994.07.??"]
[EventType "tourn"]
[EventRounds "9"]
[EventCountry "GER"]
[EventCategory "16"]
[SourceTitle "CBM 042"]
[Source "ChessBase"]
[SourceDate "1994.10.01"]
[SourceVersion "1"]
[SourceVersionDate "1994.10.01"]
[SourceQuality "1"]

1. d4 Nf6 2. c4 e6 3. Nc3 Bb4 4. e3 b6 5. Nge2 Ba6 6. Ng3 Bxc3+ 7. bxc3 d5 8.
Ba3 Bxc4 9. Bxc4 dxc4 10. Qa4+ Qd7 11. Qxc4 Qc6 12. Qxc6+ Nxc6 13. Rc1 O-O-O
14. c4 Kb7 15. Ke2 Rd7 16. f3 Rhd8 17. Bb2 Ne8 (17... h6 18. Rhd1 Ne8 19. Ne4
f5 $13) 18. Ne4 h6 19. g4 Na5 20. c5 Nc6 21. Rhd1 Nf6 (21... f5 22. gxf5 exf5
23. Nf2 f4 24. Ne4 fxe3 25. d5 $1 Rxd5 26. Nd6+ $1 $16) 22. Nxf6 gxf6 23. d5 $1
Rxd5 24. Bxf6 Rg8 (24... Rxd1 25. Rxd1 Rxd1 26. Kxd1 bxc5 27. Bg7 $18) 25. e4
Rxd1 26. Rxd1 h5 27. h3 Rg6 (27... hxg4 28. fxg4 $16) 28. g5 Kc8 29. cxb6 axb6
30. Kf2 Rg8 31. Kg3 Nb8 32. Kh4 Nd7 33. e5 c5 34. Kxh5 Kc7 35. h4 c4 36. Kh6 b5
37. Kh7 $2 (37. Rd2 Ra8 38. Rc2 $18) (37. Be7 $1 Kc6 38. f4 Rh8+ 39. Kg7 Rxh4
40. g6 Rg4 41. Kxf7 Rxf4+ 42. Kxe6 $18) 37... Ra8 38. Rd2 c3 39. Rc2 b4 40. Be7
Rxa2 $1 41. Rxa2 (41. Rc1 $5 $13) 41... b3 42. Rc2 $2 (42. Ra7+ $1 Kc6 (42...
Kb6 $2 43. Ra1 b2 44. Rb1 Nc5 45. g6 fxg6 46. Kxg6 Kc6 47. Bg5) 43. Ra6+ $1 Kb5
(43... Kd5 44. Rd6+) 44. Ra1 b2 45. Rb1 Ka4 46. g6 fxg6 (46... c2 $2 47. Rxb2
c1=Q 48. Rb4+ Ka5 49. g7 Qc2+ 50. Re4 $18) 47. Bg5 Kb3 48. Bc1 $1 (48. Kxg6
Nxe5+ 49. Kf6 Nxf3 50. Bc1 $1 $10) 48... Nxe5 49. Bxb2 c2 50. Rc1 Kxb2 51.
Rxc2+ Kxc2 52. f4 Nd3 53. Kxg6 Nxf4+ 54. Kf6 Kd3 55. h5 Nxh5+ 56. Kxe6 $10) (
42. Ra4 b2 43. Rc4+ Kb6 44. g6 fxg6 (44... b1=Q $2 45. Rb4+) 45. Ba3 b1=Q 46.
Rb4+ Qxb4 47. Bxb4 c2 48. Ba3 (48. Bd2 Nxe5 49. f4 Nf3 50. Be3+ Kc6 51. Kxg6
Nxh4+ $19) 48... Nxe5 49. f4 Nd3 50. Kxg6 Kb5 51. h5 Ka4 $19) 42... bxc2 43.
Ba3 Nxe5 44. h5 Nd3 45. g6 fxg6 46. hxg6 Nb2 $1 (46... Nb2 $1 47. g7 c1=Q 48.
g8=Q Qh1+ 49. Kg7 Qg2+ 50. Kf7 Qxg8+ 51. Kxg8 Nd3 52. Kf7 Kd7 53. Kf6 c2 54.
Kg6 c1=Q 55. Bxc1 Nxc1 56. f4 Nd3 57. f5 e5 $19) 0-1

[Event "Antwerp op"]
[Site "Antwerp"]
[Date "1994.??.??"]
[Round "2"]
[White "Dutreeuw, Marc"]
[Black "Kortschnoj, Viktor Lvovich"]
[Result "0-1"]
[WhiteElo "2410"]
[BlackElo "2615"]
[PlyCount "82"]
[EventDate "1994.08.??"]
[EventType "swiss"]
[EventRounds "9"]
[EventCountry "BEL"]
[SourceTitle "EXT 1998"]
[Source "ChessBase"]
[SourceDate "1997.11.17"]
[SourceVersion "1"]
[SourceVersionDate "1997.11.17"]
[SourceQuality "1"]

1. e4 c5 2. Nf3 d6 3. d4 cxd4 4. Nxd4 Nf6 5. Nc3 Nc6 6. Bg5 e6 7. Qd2 a6 8. Be2
Bd7 9. O-O-O h6 10. Be3 b5 11. a3 Nxd4 12. Qxd4 Bc6 13. Bf3 Qc8 14. h4 Be7 15.
g4 e5 16. Qd2 Nxg4 17. Bxg4 Qxg4 18. Rdg1 Qf3 19. Rh2 Bxe4 20. Rxg7 Rc8 21. Rg3
Qf5 22. f3 Bb7 23. Nd5 Bxd5 24. Qxd5 Bxh4 25. Rgg2 Be7 26. Qb7 Qd7 27. Qxa6 h5
28. Bg5 f6 29. Bh4 Kf7 30. Qb6 d5 31. Qg1 Rhg8 32. Be1 Qf5 33. Qe3 Rxg2 34.
Rxg2 Rc4 35. Qb3 e4 36. fxe4 Qxe4 37. Qg3 Qg4 38. Qf2 Qe6 39. Kb1 Bc5 40. Qg3
Rg4 41. Qc7+ Be7 0-1

[Event "Antwerp op"]
[Site "Antwerp"]
[Date "1994.??.??"]
[Round "3"]
[White "Kortschnoj, Viktor Lvovich"]
[Black "Winants, Luc"]
[Result "1-0"]
[WhiteElo "2615"]
[BlackElo "2500"]
[PlyCount "103"]
[EventDate "1994.08.??"]
[EventType "swiss"]
[EventRounds "9"]
[EventCountry "BEL"]
[SourceTitle "EXT 1998"]
[Source "ChessBase"]
[SourceDate "1997.11.17"]
[SourceVersion "1"]
[SourceVersionDate "1997.11.17"]
[SourceQuality "1"]

1. c4 e6 2. Nc3 d5 3. d4 Bb4 4. a3 Bxc3+ 5. bxc3 c5 6. e3 Ne7 7. Nf3 Qc7 8. Bb2
O-O 9. Rc1 dxc4 10. Bxc4 b6 11. Qd3 Nd7 12. O-O Bb7 13. e4 e5 14. Rfe1 Ng6 15.
Qd2 Rad8 16. d5 Nf6 17. Bf1 Bxd5 18. exd5 e4 19. c4 exf3 20. g3 Rfe8 21. Qc3
Rxe1 22. Rxe1 Re8 23. Rxe8+ Nxe8 24. Qxf3 Qe7 25. h4 Nf8 26. Bc3 Nd7 27. Bd3
Nd6 28. Qf4 f6 29. h5 h6 30. Bf5 Nxf5 31. Qxf5 Kf8 32. Kg2 Ke8 33. Kf3 Kd8 34.
g4 Ke8 35. Qe4 Qxe4+ 36. Kxe4 Kf7 37. Kf5 Nb8 38. Bd2 Nd7 39. Bf4 Ke7 40. Kg6
Kf8 41. Bd6+ Kg8 42. a4 a6 43. Bc7 Kf8 44. Bf4 Kg8 45. Bd6 b5 46. cxb5 axb5 47.
axb5 c4 48. Bb4 Nb6 49. d6 Nd7 50. f4 Kf8 51. b6 c3 52. b7 1-0

[Event "Antwerp op"]
[Site "Antwerp"]
[Date "1994.??.??"]
[Round "5"]
[White "Kortschnoj, Viktor Lvovich"]
[Black "Wojtkiewicz, Aleksander"]
[Result "1-0"]
[WhiteElo "2615"]
[BlackElo "2560"]
[PlyCount "57"]
[EventDate "1994.08.??"]
[EventType "swiss"]
[EventRounds "9"]
[EventCountry "BEL"]
[SourceTitle "EXT 1998"]
[Source "ChessBase"]
[SourceDate "1997.11.17"]
[SourceVersion "1"]
[SourceVersionDate "1997.11.17"]
[SourceQuality "1"]

1. c4 c5 2. Nf3 Nf6 3. Nc3 g6 4. e4 Nc6 5. d4 cxd4 6. Nxd4 d6 7. Be2 Nxd4 8.
Qxd4 Bg7 9. O-O O-O 10. Bg5 Be6 11. Qe3 Qb6 12. Qd2 Rfc8 13. b3 Qa5 14. Rac1 a6
15. f4 Rc5 16. Qe3 Rac8 17. Na4 R5c6 18. f5 Bd7 19. Kh1 Re8 20. Nc3 Rcc8 21.
Bxf6 Bxf6 22. Nd5 Bc6 23. b4 Qxa2 24. Nb6 Rcd8 25. b5 Bd7 26. Bg4 g5 27. Rcd1
Qb2 28. h4 gxh4 29. Nxd7 1-0

[Event "Horgen CS"]
[Site "Horgen"]
[Date "1994.??.??"]
[Round "4"]
[White "Gelfand, Boris"]
[Black "Kortschnoj, Viktor Lvovich"]
[Result "0-1"]
[WhiteElo "2680"]
[BlackElo "2615"]
[Annotator "Dautov,R"]
[PlyCount "74"]
[EventDate "1994.09.??"]
[EventType "tourn"]
[EventRounds "11"]
[EventCountry "SUI"]
[EventCategory "16"]
[SourceTitle "CBM 043"]
[Source "ChessBase"]
[SourceDate "1994.12.01"]
[SourceVersion "1"]
[SourceVersionDate "1994.12.01"]
[SourceQuality "1"]

1. d4 {Kortschnoj} Nf6 2. c4 e6 3. Nc3 Bb4 4. e3 c5 5. Bd3 d5 6. Nf3 O-O 7. O-O
Nc6 8. a3 Bxc3 9. bxc3 dxc4 10. Bxc4 Qc7 11. Ba2 e5 12. h3 b6 $1 {Kortschnoj:
novelty} (12... Bf5 13. d5 Rad8 14. Qe2 Ne7 15. c4 $14 {ECO}) (12... e4 13. Nh2
(13. Nd2 Bf5 $10) 13... Bf5 (13... b6 14. c4 Rd8 15. d5 $14 (15. Bb2 $14)) 14.
Ng4 Nxg4 15. hxg4 Bg6 16. a4 Rad8 17. Qe2 Rfe8 18. Ba3 b6 19. Bc4 Na5 20. Ba6
f6 21. Rad1 Bf7 22. Bb5 Rf8 23. f4 exf3 24. Rxf3 Bg6 25. e4 $16 {
Knaak-Georgiev,Kir/DDR-Bulgaria/1986}) 13. Qc2 $6 (13. d5 e4 14. dxc6 (14. Nh2
Ne5 15. c4 Ne8 $5 (15... Ba6 16. Qa4) (15... Nd3 {Kortschnoj} 16. Bd2 Qe5 17.
Qc2 Qg5 18. Kh1 Bf5 $13) 16. Bb2 Qe7 (16... Nd3 $5 17. Bc3 Nd6) 17. Qe2 Nd6 $15
) 14... exf3 15. Qxf3 Ba6 (15... Qe5 $5 {Kortschnojj} 16. e4 $1 Qxe4 17. Qxe4
Nxe4 18. Re1 Nxc3 19. Bc4 a6 20. a4 $44) 16. c4 {Kortschnoj} (16. Re1 {
Kortschnoj} Bb5 17. e4 Bxc6 18. Bg5 $5) (16. Rd1 Bb5 $10) 16... Rac8 17. Bb2
Qxc6 18. Qg3 $14 (18. Qxc6 Rxc6 19. Rfd1 $14)) 13... e4 14. Ng5 (14. Nd2 Ba6
15. Bc4 Bxc4 16. Nxc4 cxd4 17. cxd4 Nxd4 18. exd4 Rac8 $17) 14... Ba6 15. Rd1 (
15. Nxe4 Nxe4 16. Qxe4 Bxf1 17. Kxf1 Rae8 18. Qf3 (18. Qc2 Qh2 19. Bd5 Ne7 20.
Bf3 Ng6 $17) 18... cxd4 19. cxd4 Na5 20. Bd2 Nc4 21. Bb4 a5 22. Bxc4 axb4 $17)
15... Rae8 $1 (15... Bd3 16. Rxd3 exd3 17. Qxd3 h6 18. Nf3 $44) 16. f3 (16. d5
Na5 $17) 16... Bd3 17. Qf2 (17. Rxd3 $5 exd3 18. Qxd3 Qg3 (18... Qe7 {/\h6} 19.
h4 (19. Bd5 Na5 $17 {/\h6}) (19. f4 h6 20. Nf3 cxd4 21. cxd4 Qe4 $17) 19... h6
20. Nh3 $44) (18... Na5 $17 {Kortschnoj}) 19. Ne4 Nxe4 20. fxe4 Qe1+ 21. Kh2
Rd8 $15) 17... h6 $17 (17... c4 $5) 18. fxe4 hxg5 (18... Nxe4 $5 19. Bxf7+ (19.
Nxe4 Bxe4 $17) (19. Qb2 Nxg5 20. Rxd3 Qg3 21. Kf1 Re6 $17) 19... Rxf7 20. Qxf7+
Qxf7 21. Nxf7 c4 22. Ne5 Nxe5 23. dxe5 Rxe5 24. Bd2 Rb5 25. Be1 Rb2 $17) 19.
Rxd3 Nxe4 20. Qf3 (20. Qf5 c4 $1 21. Bxc4 Nd6 22. Qd5 Ne7 $19) 20... Na5 {/\c4}
21. c4 b5 $1 22. cxb5 c4 23. Rd1 Nb3 24. Bxb3 cxb3 25. Rb1 (25. a4 Qc2 26. Ba3
b2 27. Rab1 Nc3 28. Bxf8 Nxb1 $17) 25... Nc3 26. Rxb3 Nxd1 27. Qxd1 Re4 (27...
Qc4 {Kortschnoj} 28. Rb4 Qa2 29. Qd2 Qd5 $15) 28. Bd2 Rfe8 29. a4 (29. Qc1 $142
$1 $10 {Kortschnoj}) 29... Qd7 30. a5 g4 $1 31. hxg4 (31. h4 g3 $17) 31... Rxg4
32. b6 (32. Qf3 Rg6 33. b6 axb6 34. axb6 Rf6 35. Qg3 Qd5 36. Rb2 Rg6 $17) 32...
axb6 33. Rxb6 (33. axb6 Qd5 34. Qxg4 Qxb3 35. Qd7 Rb8 $17) 33... Qf5 34. a6 Qe4
35. Qf1 Ra8 {/\Rg6} 36. Rb7 $2 (36. Kh2 $1 {Kortschnoj} Rg6 37. Rxg6 Qxg6 $15)
36... Rxa6 37. Qxf7+ Kh7 (37... Kh7 38. Qf1 Ra1) 0-1

[Event "Horgen CS"]
[Site "Horgen"]
[Date "1994.??.??"]
[Round "5"]
[White "Kortschnoj, Viktor Lvovich"]
[Black "Lautier, Joel"]
[Result "1-0"]
[WhiteElo "2615"]
[BlackElo "2645"]
[PlyCount "89"]
[EventDate "1994.09.??"]
[EventType "tourn"]
[EventRounds "11"]
[EventCountry "SUI"]
[EventCategory "16"]
[SourceTitle "CBM 043"]
[Source "ChessBase"]
[SourceDate "1994.12.01"]
[SourceVersion "1"]
[SourceVersionDate "1994.12.01"]
[SourceQuality "1"]

1. c4 c5 2. Nf3 Nf6 3. Nc3 e6 4. g3 d5 5. cxd5 Nxd5 6. Bg2 Nc6 7. O-O Be7 8. d4
O-O 9. e4 Nb6 10. d5 exd5 11. exd5 Nb4 12. Ne1 c4 13. Qf3 Qd6 14. a3 Na6 15.
Be3 Qg6 16. h3 Bd7 17. Rd1 Nc5 18. Rd2 Rad8 19. Bxc5 Bxc5 20. Ne4 Bd6 21. Nxd6
Qxd6 22. Nc2 Rc8 23. Re1 Na4 24. b3 Nb2 25. bxc4 Nxc4 26. Rde2 Rfe8 27. Rxe8+
Bxe8 28. Ne3 Qe5 29. Qd1 Nd6 30. Qb1 Qc3 31. Qb4 a5 32. Qxc3 Rxc3 33. Nf5 Rc1
34. Rxc1 Nxf5 35. Rc8 Kf8 36. Ra8 a4 37. Be4 Nd6 38. Bc2 b5 39. Ra7 f6 40. Bd3
Bg6 41. Bxg6 hxg6 42. Kf1 Nc4 43. Ke2 Nxa3 44. Kd3 Nc4 45. Kd4 1-0

[Event "Olympiad-31"]
[Site "Moscow"]
[Date "1994.12.10"]
[Round "9.1"]
[White "Hernandez Guerrero, Gilberto Eduardo"]
[Black "Kortschnoj, Viktor Lvovich"]
[Result "0-1"]
[WhiteElo "2510"]
[BlackElo "2615"]
[Annotator "Hecht,H"]
[PlyCount "144"]
[EventDate "1994.12.01"]
[EventType "team-swiss"]
[EventRounds "14"]
[EventCountry "RUS"]
[SourceTitle "CBM 045"]
[Source "ChessBase"]
[SourceDate "1995.04.01"]
[SourceVersion "1"]
[SourceVersionDate "1995.04.01"]
[SourceQuality "1"]
[WhiteTeam "Mexico"]
[BlackTeam "Switzerland"]
[WhiteTeamCountry "MEX"]
[BlackTeamCountry "SUI"]

1. e4 c5 2. Nf3 d6 3. d4 cxd4 4. Nxd4 Nf6 5. Nc3 Nc6 6. Bc4 Bd7 7. Nxc6 bxc6 8.
O-O e6 9. Qe2 Be7 10. b3 d5 11. Bd3 d4 12. Na4 c5 13. Nb2 Bc6 14. Nc4 Qc7 15.
f4 Nd7 16. Bd2 Rc8 17. a4 O-O 18. a5 Bb5 19. Rf3 f6 20. Raf1 Rf7 21. g4 a6 22.
h4 Qc6 23. g5 f5 24. h5 Bxc4 25. bxc4 g6 26. Rh3 Nf8 27. Re1 Bd6 28. exf5 gxf5
29. Qg2 Qxg2+ 30. Kxg2 Rb7 31. Kf3 Rcb8 32. Rhh1 Kg7 33. Bc1 Rb1 34. Ba3 Rxe1
35. Rxe1 Kf7 36. Ra1 Nd7 37. Bc1 Bc7 38. Bd2 Rb2 39. Bc1 Rb7 40. Bd2 Nb8 41.
Rg1 Nc6 42. Ke2 Rb2 43. Ra1 Nb4 44. Bc1 Ra2 45. Rxa2 Nxa2 46. Bd2 Nc3+ 47. Bxc3
dxc3 48. Ke3 $19 {The black a-passed pawn, and the weaker white pawns (Pf4,Pg5)
give Black a winning position. He will activate his K.} Bxa5 49. Be2 Bb4 50.
Bf3 Ba3 51. Bb7 Bc1+ 52. Kf3 a5 53. Bc6 e5 54. g6+ hxg6 55. hxg6+ Kxg6 56. fxe5
Kf7 57. Bd7 Ke7 58. Bc6 Ke6 59. Bb5 Kxe5 60. Ba4 Kf6 61. Bb5 Kg5 62. Bc6 Kh4
63. Bd7 Bd2 64. Bc6 Kg5 65. Bb5 Kf6 66. Ba4 Ke5 67. Bc6 Kd4 68. Bb5 Bc1 69. Kf2
Ke4 70. Bd7 Kf4 71. Bc6 Be3+ 72. Ke2 Bd4 (72... Bd4 73. Bd7 Kg3 74. Bc6 f4 75.
Kf1 f3 76. Be8 Kf4 77. Bd7 Ke3 78. Ke1 f2+ 79. Kf1 Kd2 80. Ba4 Kc1 $19) 0-1

[Event "Olympiad-31"]
[Site "Moscow"]
[Date "1994.12.11"]
[Round "10.1"]
[White "Lautier, Joel"]
[Black "Kortschnoj, Viktor Lvovich"]
[Result "0-1"]
[WhiteElo "2645"]
[BlackElo "2615"]
[Annotator "Kortschnoj,V"]
[PlyCount "66"]
[EventDate "1994.12.01"]
[EventType "team-swiss"]
[EventRounds "14"]
[EventCountry "RUS"]
[SourceTitle "CBM 045"]
[Source "ChessBase"]
[SourceDate "1995.04.01"]
[SourceVersion "1"]
[SourceVersionDate "1995.04.01"]
[SourceQuality "1"]
[WhiteTeam "France"]
[BlackTeam "Switzerland"]
[WhiteTeamCountry "FRA"]
[BlackTeamCountry "SUI"]

1. d4 {Ftacnik} Nf6 2. c4 e6 3. g3 d5 4. Bg2 Be7 5. Nf3 O-O 6. O-O dxc4 7. Nc3
Nc6 8. e3 Bd6 $6 (8... Nd5 9. e4 Nb6 10. Be3 $146) (8... Na5 {Ftacnik}) (8...
Rb8 {Ftacnik}) 9. Qa4 (9. Nd2 e5 (9... Na5 $1 {Ftacnik}) 10. d5 Na5 11. Qe2 c6
12. Nxc4 Nxc4 13. Qxc4 cxd5 14. Nxd5 $14) 9... e5 $10 10. d5 (10. Qxc4 exd4 11.
exd4 (11. Nxd4 {Ftacnik} Nxd4 12. Qxd4 c5 $10) 11... Nb4 $14) 10... Nb4 11.
Nxe5 a6 $5 (11... Nbxd5 12. Nxc4 (12. Nxd5 {Ftacnik} Nxd5 (12... Bxe5 13. Nxf6+
Qxf6 14. Qxc4 $10) 13. Nxf7 $1) 12... Nxc3 13. bxc3 $14) (11... Bxe5 {Ftacnik}
12. Qxb4 $14) 12. Nf3 $4 (12. Nxc4 b5 13. Nxb5 axb5 14. Qxa8 bxc4 15. a3 $13) (
12. f4 Nbxd5 (12... Bxe5 {Ftacnik} 13. Qxb4 Bxc3 14. Qxc3 Nxd5 15. Qxc4 $14) (
12... Nbxd5 13. Nxd5 Bxe5 14. Qxc4 $10) (12... Qe7 {Ftacnik} 13. a3 Nd3 14.
Nxd3 cxd3 15. Qc4 $14) 13. Nxc4 Nb6 14. Nxb6 cxb6 $15) (12. e4 b5 13. Qa5 Qe7
14. Bf4 $13) (12. a3 b5 (12... Bxe5 13. Qxb4 b5 $13) 13. Nxb5 Bxe5 14. f4 $1
Nbxd5 15. fxe5 Bb7 16. exf6 Nb6 17. Qd1 Bxg2 18. Qg4 $14) 12... Bf5 $17 13. Nd4
(13. a3 $4 {Ftacnik} Bc2 14. Qa5 b6 $19) 13... Bd3 14. Re1 Bc5 15. e4 (15. a3 {
Ftacnik} Nbxd5 16. Nxd5 Nxd5 17. Qa5 b6 $17) 15... Nbxd5 (15... Bxd4 {Ftacnik}
16. Qxb4 Ng4 17. Nd1 $13) 16. Nf5 (16. Nxd5 {Ftacnik} Bxd4 $17) (16. exd5 {
Ftacnik} Bxd4 $17) 16... Nxc3 17. bxc3 Ng4 18. Ne3 (18. Be3 $1 {Ftacnik} Nxe3
19. Nxe3 $17) 18... Nxf2 $1 $19 19. e5 (19. Kxf2 Qf6+ 20. Bf3 (20. Kg1 {Ftacnik
} Qxc3 $19) 20... Qxc3 $19 (20... Qxc3 21. Ba3 b5 22. Qd1 Qxa3 $19)) 19... b5
20. Qa5 Ng4 21. Kh1 (21. Bxa8 {Ftacnik} Qxa8 $19) 21... Nxe5 22. Ba3 (22. Bxa8
{Ftacnik} Qxa8+ 23. Ng2 Bd6 $19) 22... Bxa3 23. Qxa3 c6 24. Nf5 Bxf5 25. Rxe5
Be6 26. Qc5 (26. Bxc6 Qc7 $19 (26... Qc7 {Ftacnik} 27. Rc5 Rac8 28. Qxa6 Qd6 $1
29. Qxb5 Rxc6 $19)) 26... Rc8 27. Rae1 Qd7 28. Rg5 f6 29. Rh5 Bg4 30. Rh4 Rfe8
31. Rxe8+ (31. Rg1 {Ftacnik} g5 $19) 31... Rxe8 32. h3 Qd1+ 33. Kh2 Bf3 0-1

[Event "AUT-chT 9596"]
[Site "Austria"]
[Date "1996.??.??"]
[Round "?"]
[White "Kortschnoj, Viktor Lvovich"]
[Black "Plachetka, Jan"]
[Result "1-0"]
[WhiteElo "2645"]
[BlackElo "2440"]
[PlyCount "101"]
[EventDate "1995.??.??"]
[EventType "team"]
[EventRounds "11"]
[EventCountry "AUT"]
[SourceTitle "CBM 052 Extra"]
[Source "ChessBase"]
[SourceDate "1996.07.01"]
[SourceVersion "1"]
[SourceVersionDate "1996.07.01"]
[SourceQuality "1"]

1. d4 Nf6 2. c4 e6 3. g3 d5 4. Bg2 dxc4 5. Qa4+ Nbd7 6. Nd2 Rb8 7. Qxc4 b5 8.
Qd3 c5 9. dxc5 Bxc5 10. Nb3 Bb4+ 11. Bd2 Qe7 12. Nf3 Bb7 13. O-O O-O 14. Rac1
Bxd2 15. Qxd2 Rfc8 16. Na5 Bxf3 17. Bxf3 Ne5 18. Bg2 Nc4 19. Nxc4 bxc4 20. Rc2
Nd7 21. Rfc1 Nb6 22. Qa5 h6 23. e3 Rd8 24. Bf1 Rd5 25. Qa6 Qd7 26. Bxc4 Rd1+
27. Bf1 Rxc1 28. Rxc1 Qd2 29. Rc5 Nd5 30. Rb5 Rxb5 31. Qxb5 g5 32. Qb8+ Kg7 33.
Qxa7 Qxb2 34. Qd4+ Qxd4 35. exd4 Nc3 36. Bc4 Kf6 37. f3 Ke7 38. Kf2 Kd6 39. Ke3
f5 40. Kd3 Na4 41. Bb3 Nb6 42. a4 Na8 43. a5 Nc7 44. Bc4 Kc6 45. g4 fxg4 46.
fxg4 Nd5 47. Bxd5+ exd5 48. Kc3 Kb5 49. a6 Kxa6 50. Kb4 Kb6 51. h3 1-0